00611 2200229 4500001002100000005001700021006001900038008004100057020001800098035002500116084001400141100001900155245003800174250001000212260002700222500002800249650002000277990002100297990002100318990002100339990002100360INLIS00000000000161220161004141704.0a ||| | 170609| ||| |  a979-9417-04-X a0010-121400000000914 aFIK AGU s0 aAgus Kurniawan00aSKS dalam upaya menguak teka-teki aCet.2 bCitra Adi Bangsac2006 aVI, 60 hlm, ilus, 21 cm 0aFiksi Indonesia a0664/8/kpad/2010 a0664/b/kpad/2010 a0666/b/kpad/2010 a0665/b/kpad/2010